| 000 | 01472 a2200241 4500 | ||
|---|---|---|---|
| 001 | 15999 | ||
| 005 | 20260407155452.0 | ||
| 008 | 260407a1991 arg spa d | ||
| 003 | AR-UNSa-BCEJYS | ||
| 040 |
_aAR-UNSa-BCEJYS _bspa _cAR-UNSa-BCEJYS |
||
| 080 |
_a519.2 _xProbabilidades y estadística matemática |
||
| 245 | 1 | 0 | _aEstadística |
| 020 | _a84-7615-562-X | ||
| 250 | _a2a. ed. | ||
| 264 | 1 |
_aMadrid : _bMcGraw-Hill _c1991 |
|
| 300 |
_axii, 556 p. _c24 cm. |
||
| 505 | _a1. Variables y gráficos - 2. Distribuciones de frecuencias - 3. Media, mediana, moda y otras medidas de tendencia central - 4. La desviación típica y otras medidas de dispersion - 5. Momentos, sesgo y curtosis - 6. Teoría elemental de probabilidades - 7. Las distribuciones binomial, normal y de poisson - 8. Teoría elemental del muestreo - 9. Teoría de la estimación estadística - 10. Teoría estadística de las decisiones - 11. Teoría de pequeñas muestras - 12. Test Ji-cuadrado - 13. Ajuste de curvas y el método de minimos cuadrados - 14. Teoría de la correlación - 15. Correlación multiple y parcial - 16. Análisis de varianza - 17. Contrastes no parametricos - 18. Análisis de series en el tiempo - 19. Número índice | ||
| 942 | _cBK | ||
| 590 | _aniveau_biblio:m niveau_hierar:0 | ||
| 100 | 1 | _aSpiegel, Murray R. | |
| 700 | 1 | _aHernandez Heredero, Rafael | |
| 856 | 4 | 1 |
_uhttps://www.biblioeco.unsa.edu.ar/pmb/images/libros/15999.jpg _yImagen de portada _qimage/jpeg |
| 999 |
_c671 _d671 |
||